Statistics for FIFA 21 Team of the Year (and Honourable Mentions)

Click here to take the quiz!

General Stats

  • This quiz has been taken 25 times
  • The average score is 16 of 20

Answer Stats

RatingClubPlayer% Correct
98JuventusCristiano Ronaldo
100%
98BarcelonaLionel Messi
100%
97PSGKylian Mbappe
100%
96Manchester CityKevin De Bruyne
95%
98Bayern MunichRobert Lewandowski
95%
97Manchester UnitedBruno Fernandes
90%
96Bayern MunichJoshua Kimmich
90%
96Real MadridSergio Ramos
90%
96Bayern MunichManuel Neuer
90%
96LiverpoolVirgil Van Dijk
90%
93LiverpoolSadio Mane
85%
93Bayern MunichAlphonso Davies
80%
94LiverpoolTrent Alexander Arnold
75%
87Aston VillaJack Grealish
70%
91LazioCiro Immobile
65%
91LiverpoolAndy Robertson
60%
88SevillaJesus Navas
55%
88Real BetisNabil Fekir
55%
88RB LeipzigMarcel Sabitzer
55%
89PSGMarquinhos
45%

Score Distribution

Percentile by Number Answered

Percent of People with Each Score

Your Score History

You have not taken this quiz